[Event "Titled Tuesday intern op 18th Mar Late"]
[Site "Chess.com INT"]
[Date "2025.03.18"]
[Round "6"]
[White "Tregubov, Pavel V"]
[Black "Rustemov, Alexander"]
[Result "1-0"]
[WhiteElo "2555"]
[BlackElo "2525"]
[PlyCount "67"]
[EventDate "2025.03.18"]
[EventType "swiss (blitz)"]
[EventRounds "11"]
[EventCountry "USA"]
[SourceTitle "CB13_2025"]
[SourceDate "2025.03.26"]
[SourceVersion "1"]
[SourceVersionDate "2025.03.26"]
[SourceQuality "1"]

1. e4 e6 2. d4 d5 3. e5 c5 4. c3 Bd7 5. Nf3 Ne7 6. Na3 Nbc6 7. Bd3 cxd4 8. cxd4 Nf5 9. Nc2 Be7 10. 0-0 Rc8 11. Rb1 Qb6 12. b4 a6 13. g4 Nh6 14. h3 Ng8 15. a4 h5 16. g5 g6 17. Bd2 Na7 18. b5 axb5 19. axb5 Qd8 20. Qe2 b6 21. Nb4 Kf8 22. Ra1 Rc7 23. Ra6 Kg7 24. Rxb6 Rc4 25. Rb7 Nxb5 26. Bxc4 dxc4 27. Qxc4 Na3 28. Qc7 Qxc7 29. Rxc7 Bb5 30. Ra1 Nc4 31. Bc3 Nb6 32. d5 Bxb4 33. dxe6 Nd5 34. Rxf7# 1-0

[Event "Titled Tuesday intern op 18th Mar Late"]
[Site "Chess.com INT"]
[Date "2025.03.18"]
[Round "10"]
[White "Yoo, Christopher Woojin"]
[Black "Tregubov, Pavel V"]
[Result "1-0"]
[WhiteElo "2588"]
[BlackElo "2555"]
[PlyCount "57"]
[EventDate "2025.03.18"]
[EventType "swiss (blitz)"]
[EventRounds "11"]
[EventCountry "USA"]
[SourceTitle "CB13_2025"]
[SourceDate "2025.03.26"]
[SourceVersion "1"]
[SourceVersionDate "2025.03.26"]
[SourceQuality "1"]

1. e4 c5 2. Nf3 e6 3. c3 d5 4. exd5 exd5 5. Bb5+ Nc6 6. 0-0 Bd6 7. d4 Nge7 8. dxc5 Bxc5 9. Nbd2 0-0 10. Nb3 Bd6 11. Bd3 h6 12. h3 Nf5 13. Re1 Qf6 14. Bc2 Be6 15. Qd3 Rfe8 16. Bd2 g6 17. Re2 Re7 18. Rae1 Rae8 19. Bc1 Kg7 20. Qd1 Nh4 21. Nxh4 Qxh4 22. Re3 Bc7 23. Nc5 Bb6 24. b4 Bxc5 25. bxc5 d4 26. cxd4 Rd8 27. Bb2 Kg8 28. Bxg6 Nxd4 29. Be4 1-0

[Event "Titled Tuesday intern op 11th Mar Early"]
[Site "Chess.com INT"]
[Date "2025.03.11"]
[Round "7"]
[White "Arakelyan, Manvel"]
[Black "Tregubov, Pavel V"]
[Result "0-1"]
[WhiteElo "2282"]
[BlackElo "2555"]
[PlyCount "90"]
[EventDate "2025.03.11"]
[EventType "swiss (blitz)"]
[EventRounds "11"]
[EventCountry "USA"]
[SourceTitle "CB12_2025"]
[SourceDate "2025.03.19"]
[SourceVersion "1"]
[SourceVersionDate "2025.03.19"]
[SourceQuality "1"]

1. e4 c5 2. Nf3 e6 3. c3 d5 4. exd5 exd5 5. Bb5+ Nc6 6. d4 Bd6 7. 0-0 Nge7 8. dxc5 Bxc5 9. Nbd2 0-0 10. Nb3 Bd6 11. Nbd4 Bg4 12. Be2 a6 13. Be3 Qc7 14. h3 Bh5 15. Re1 Rfe8 16. Qd2 Na5 17. b3 Rac8 18. Rac1 Ba3 19. Rc2 Nac6 20. Nxc6 bxc6 21. Bxa6 Ra8 22. Be2 Bd6 23. Nd4 Bg6 24. Bd3 Bxd3 25. Qxd3 Ng6 26. Rec1 Qb7 27. Nf5 Bf8 28. Qd2 c5 29. Rd1 Red8 30. Qe2 Qd7 31. Qg4 Qe6 32. Re2 Ne5 33. Qf4 g6 34. Nh6+ Kg7 35. Bd4 cxd4 36. Rxe5 Bd6 37. Rxe6 Bxf4 38. Re7 Bxh6 39. Rxd4 Rxa2 40. c4 Bg5 41. Rb7 dxc4 42. Rxc4 Rd1+ 43. Kh2 Rxf2 44. h4 Bf4+ 45. Kh3 h5 0-1

[Event "Titled Tuesday intern op 11th Mar Late"]
[Site "Chess.com INT"]
[Date "2025.03.11"]
[Round "10"]
[White "Tregubov, Pavel V"]
[Black "Frischmann, Rick"]
[Result "1-0"]
[WhiteElo "2555"]
[BlackElo "2345"]
[PlyCount "77"]
[EventDate "2025.03.11"]
[EventType "swiss (blitz)"]
[EventRounds "11"]
[EventCountry "USA"]
[SourceTitle "CB12_2025"]
[SourceDate "2025.03.19"]
[SourceVersion "1"]
[SourceVersionDate "2025.03.19"]
[SourceQuality "1"]

1. e4 d5 2. exd5 Qxd5 3. Nc3 Qd6 4. d4 Nf6 5. Nf3 Nc6 6. Nb5 Qd8 7. Ne5 Bd7 8. Bc4 e6 9. Bf4 Nxe5 10. Bxe5 Bxb5 11. Bxb5+ c6 12. Bd3 Bd6 13. 0-0 Bxe5 14. dxe5 Nd5 15. Qf3 Qc7 16. Qg3 g6 17. c4 Nb4 18. Be4 0-0-0 19. a3 Na6 20. Rad1 Nc5 21. Bc2 Nd7 22. Rfe1 Qb6 23. b4 a5 24. c5 Qc7 25. Rd6 f6 26. exf6 Nxf6 27. Rexe6 Nd5 28. Bb3 axb4 29. Bxd5 cxd5 30. axb4 Rxd6 31. Rxd6 Re8 32. h3 Re4 33. Qa3 Kb8 34. b5 Qe7 35. b6 Re1+ 36. Kh2 Qe5+ 37. g3 Rh1+ 38. Kxh1 Qe4+ 39. Kg1 1-0

[Event "Titled Tuesday intern op 11th Mar Late"]
[Site "Chess.com INT"]
[Date "2025.03.11"]
[Round "4"]
[White "Tregubov, Pavel V"]
[Black "Hariharan, Shambavi"]
[Result "1-0"]
[WhiteElo "2555"]
[BlackElo "2024"]
[PlyCount "31"]
[EventDate "2025.03.11"]
[EventType "swiss (blitz)"]
[EventRounds "11"]
[EventCountry "USA"]
[SourceTitle "CB12_2025"]
[SourceDate "2025.03.19"]
[SourceVersion "1"]
[SourceVersionDate "2025.03.19"]
[SourceQuality "1"]

1. e4 e5 2. Nf3 Nc6 3. Bb5 a6 4. Ba4 Nf6 5. d4 b5 6. Bb3 Qe7 7. 0-0 d6 8. dxe5 Nxe5 9. Nc3 Bb7 10. Bg5 Nxf3+ 11. Qxf3 Qe5 12. Bf4 Qh5 13. Qg3 Be7 14. Rfe1 0-0 15. e5 dxe5 16. Rxe5 1-0